000 01563nam a2200277 a 4500
008 060316s1991 ||||||||||||||||| || u
020 _a0582089522
020 _a0470217987
050 _aHD 108.15 Lar
100 _aLarsson, Gerhard, 1920-
245 1 0 _aLand registration and cadastral systems : tools for land information and management /
260 _aHarlow, Essex, England :
_bLongman Scientific & Technical
_c1991.
300 _axi, 175 p. : ill.
350 _a0.00
500 _aIncludes bibliographical references (p. 168-172) 
650 _aLand titles-- Registration and transfer - Data processing
650 _aINFORMATION STORAGE AND RETRIEVAL SYSTEMS--LAND USE
650 _aCADASTRES--DATA PROCESSING
650 _aLand titles--Registration and transfer--Data processing
650 _aInformation storage and retrieval systems - Land use
650 _aLand use--Data processing
995 _aMAIN LIBRARY OPEN ACCESS
_D0.00
_e727073
_FCBU-MAIN LIBRARY (Kitwe)
_H1
_I19.99
_jHD 108.15 Lar
_M1
_UAVAILABLE
_y018299
_ZMain Library Open Access Collection
995 _aMAIN LIBRARY OPEN ACCESS
_D0.00
_e728848
_FCBU-MAIN LIBRARY (Kitwe)
_H1
_I20.99
_jHD 108.15 Lar
_M2
_UAVAILABLE
_y020703
_ZMain Library Open Access Collection
995 _aANNEX COLLECTION (Main Library)
_D0.00
_e728850
_FCBU-MAIN LIBRARY (Kitwe)
_H3
_I20.99
_jHD 108.15 Lar
_M3
_UAVAILABLE
_y020704
_ZAnnex Low-Usage Collection
995 _aANNEX COLLECTION (Main Library)
_D0.00
_e728849
_FCBU-MAIN LIBRARY (Kitwe)
_H2
_I20.99
_jHD 108.15 Lar
_M4
_UAVAILABLE
_y020707
_ZAnnex Low-Usage Collection
999 _c80590
_d80590